| 000 | 01197 a2200217 4500 | ||
|---|---|---|---|
| 001 | 53037 | ||
| 005 | 20260407155804.0 | ||
| 008 | 260407a1976 arg spa d | ||
| 003 | AR-UNSa-BCEJYS | ||
| 040 |
_aAR-UNSa-BCEJYS _bspa _cAR-UNSa-BCEJYS |
||
| 080 |
_a339.9 _xEconomía internacional en general. Relaciones económicas internacionales. Economía mundial |
||
| 245 | 1 | 0 |
_aEconomía internacional contemporánea _ptexto para latinoamericanos |
| 264 | 1 |
_aMéxico : _bFondo de Cultura Económica _c1976 |
|
| 300 |
_a216 p. _c21 cm. |
||
| 505 | _a1. América Latina y los países desarrollados: una perspectiva del modelo centro-periferia - 2. La crisis del sistema monetario internacional: un enfoque estructuralista - 3. Precios del petróleo, "límites al crecimiento" y perspectiva de la economía internacional - 4. América Latina: integración desarrollo e inserción internacional - 5. Capital extranejero y transferencia de tecnología : Argentina y el Grupo Andino | ||
| 041 | _aspa | ||
| 942 | _cBK | ||
| 590 | _aniveau_biblio:m niveau_hierar:0 | ||
| 100 | 1 | _aFerrer, Aldo | |
| 856 | 4 | 1 |
_uhttps://www.biblioeco.unsa.edu.ar/pmb/images/libros/L128396.jpg _yImagen de portada _qimage/jpeg |
| 999 |
_c5046 _d5046 |
||